| 000 | 00877nam a2200229Ia 4500 | ||
|---|---|---|---|
| 005 | 20250108124841.0 | ||
| 008 | 008 250107s9999 xx 000 0 hin d | ||
| 020 | _a978-93-5780-689-3 | ||
| 037 | _aTB | ||
| 040 |
_aCRL _bhin _cCRL |
||
| 041 |
_ahin _2hin |
||
| 084 | _aV1P08.P1 R3 | ||
| 084 | _qCRL | ||
| 100 | _aमहर्षि, श्याम, ले. | ||
| 245 | 0 |
_aकुछ कहना है मुझे: कविता - संग्रह _cमहर्षि, श्याम, ले. |
|
| 260 |
_aबीकानेर, भारत _bराष्ट्रभाषा हिन्दी प्रचार समिति _c2430 |
||
| 300 | _a96पृ0 | ||
| 365 |
_aINR _b180 |
||
| 650 |
_aहिन्दी कविताहिन्दी साहित्य _9729733 |
||
| 942 |
_cTB _hV1P08.P1 R3 |
||
| 999 |
_c1234818 _d1234818 |
||